| 000 | 01747cam a22004097a 4500 | ||
|---|---|---|---|
| 003 | CHAP | ||
| 005 | 20220329140928.0 | ||
| 008 | 971013s1987 r 00010 d | ||
| 010 | _a59932 | ||
| 011 | _a60904 | ||
| 035 | _a65067 | ||
| 040 | _cCHAP | ||
| 090 | _aFolleto 14645 | ||
| 100 | 0 | 0 |
_aPoll, Elfriede. _990253 |
| 245 | 0 | _aCaracterísticas diferenciales en cardomomo | |
| 260 |
_aGuatemala, Guatemala : _bUniversidad Valle de Guatemala. Instituto de Investigaciones, _c1987- |
||
| 300 | _av. | ||
| 500 | _aLa biblioteca tiene : v.1 Zona Costa del Pacífico de Guatemala : región I.-- v.2 Zona Costa del Pacífico de Guatemala Regiones 2 y 3 -- v.3 Zona Norte de Guatemala Regiones 4,5 y 6 | ||
| 590 |
_aBATCH-UPD _b10 _c20130110 _lUCH01 _h0832 |
||
| 590 |
_aBATCH-UPD _b10 _c20130410 _lUCH01 _h0510 |
||
| 590 |
_aBATCH-UPD _b10 _c20130914 _lUCH01 _h0906 |
||
| 590 |
_aCONVERSION _b10 _c20130109 _lUCH01 _h1332 |
||
| 650 | 1 | 4 |
_aCardamomo. _918869 |
| 650 | 1 | 4 |
_aCultivo de tejidos. _930213 |
| 710 | 0 |
_aPrograma de Genética y Cultivo de Tejidos en Cardomomo. _992301 |
|
| 901 | _aBK | ||
| 942 | _cFOLL | ||
| 949 |
_aFolleto 14645 _bBC _cFOLL _d-143902 _eTS1 _fv.1 _i65067 _si |
||
| 949 |
_aFolleto 14645 _bBC _cFOLL _d-143903 _eTS1 _fv.2 _i65067 _si |
||
| 949 |
_aFolleto 14645 _bBC _cFOLL _d-143904 _eTS1 _fv.3 _i65067 _si |
||
| 949 |
_aFolleto 14645 _bBC _cFOLL _d650672 _eTS2 _fv.1 c.2 _i65067 _sb |
||
| 949 |
_aFolleto 14645 _bBC _cFOLL _d650673 _eTS2 _fv.1 c.3 _i65067 _sb |
||
| 949 |
_aFolleto 14645 _bBC _cFOLL _d650674 _eTS2 _fv.2 c.2 _i65067 _sb |
||
| 949 |
_aFolleto 14645 _bBC _cFOLL _d650675 _eTS2 _fv.2 c.3 _i65067 _sb |
||
| 949 |
_aFolleto 14645 _bBC _cFOLL _d650676 _eTS2 _fv.3 c.2 _i65067 _sb |
||
| 949 |
_aFolleto 14645 _bBC _cFOLL _d650677 _eTS2 _fv.3 c.3 _i65067 _sb |
||
| 999 |
_c59932 _d59932 |
||